Представление документа в формате MARC21

Поле Инд. ПП Название Значение
Тип записи a
Библиографический уровень m
001 Контрольный номер b8477567-e360-49b1-9d87-43e2bfed7646
005 Дата корректировки 20231215090652.4
008 Кодируемые данные 980505 d
040 a Служба первич. каталог. НБ ТвГУ
041 0_ a Код языка текста rus
080 a Индекс УДК 801.7(075.8)
084 a Индекс другой классификации/Индекс ББК Ш100
a Индекс другой классификации/Индекс ББК Ш09я731-1
090 a Полочн. индекс Ш100
x Авторский знак Б73
100 1_ a Автор Богин Георгий Исаевич
245 10 a Заглавие Субстанциальная сторона понимания текста
b Продолж. заглавия Учеб. пособие
c Ответственность Г. И. Богин; Твер. гос. ун-т
260 0_ a Место издания Тверь
b Издательство Тверской государственный университет
c Дата издания 1993
300 a Объем 137 с.
504 a Библиография Библиогр.: с.130-137.
650 04 a Основная рубрика Текст (лингв.)
650 04 a Основная рубрика Текстология
653 0_ a Ключевые слова Текст
a Ключевые слова Текстология
a Ключевые слова Учебники
852 41 i Расстановочный признак Проверка 2023
920 a Оператор Бочк
a Оператор Хохл
930 a Новая/Ретро Учебники
952 c Вид литературы К ру
954 a Дата поступления на обработку 28.04.93
a Дата поступления на обработку 28.04.93
e Дата перешифровки 20231215